Európsky regionálny index konkurencieschopnosti
Regionálna konkurencieschopnosť a regionálny index konkurencieschopnosti (RCI, regional competitiveness index). Teoretický a metodologický základ RCI. Konkurencieschopnosť regiónov na základe hodnôt RCI 2016. Využitie RCI pri hodnotení konkurencieschopnosti regiónov NUTS 2 v Česku a na Slovensku.
Na minha lista:
| Autor principal: | |
|---|---|
| Formato: | Capítulo de Livro |
| Idioma: | eslovaco |
| Assuntos: | |
| Tags: |
Sem tags, seja o primeiro a adicionar uma tag!
|
MARC
| LEADER | 00000nla a2200000 4500 | ||
|---|---|---|---|
| 001 | 0239199 | ||
| 005 | 20240502083642.0 | ||
| 041 | 0 | |a slo | |
| 044 | |a CZ | ||
| 245 | 1 | 0 | |a Európsky regionálny index konkurencieschopnosti |c Viera Labudová |
| 520 | |a Regionálna konkurencieschopnosť a regionálny index konkurencieschopnosti (RCI, regional competitiveness index). Teoretický a metodologický základ RCI. Konkurencieschopnosť regiónov na základe hodnôt RCI 2016. Využitie RCI pri hodnotení konkurencieschopnosti regiónov NUTS 2 v Česku a na Slovensku. | ||
| 610 | 2 | 0 | |a konkurencieschopnosť |
| 610 | 2 | 0 | |a regióny |
| 610 | 2 | 0 | |a rozvoj regionálny |
| 610 | 2 | 0 | |a indexy |
| 610 | 2 | 0 | |a porovnanie medzinárodné |
| 610 | 2 | 0 | |a Česko |
| 610 | 2 | 0 | |a Slovensko |
| 610 | 2 | 0 | |a Európska únia |
| 100 | 1 | |a Labudová, Viera, 1958- | |